[Event "RUS Rapid GP Serpukhov"]
[Site "Serpukhov RUS"]
[Date "2018.02.23"]
[Round "3.5"]
[White "Savchenko, Boris"]
[Black "Dvalishvili, Pavel S."]
[Result "0-1"]
[WhiteTitle "GM"]
[BlackTitle "IM"]
[WhiteElo "2550"]
[BlackElo "2413"]
[WhiteFideId "4147332"]
[BlackFideId "4121996"]
[EventDate "2018.02.23"]

1. e4 e5 2. Nf3 Nc6 3. Bb5 a6 4. Ba4 Nge7 5. c3 d6 6. d4 Bd7 7. O-O Ng6 8. Be3
Be7 9. d5 Nb8 10. c4 O-O 11. Nc3 Bc8 12. b4 Nd7 13. c5 Nf6 14. h3 h6 15. Bc2 Nh7
16. Kh2 Ng5 17. Ne1 Qd7 18. Rc1 Nf4 19. c6 bxc6 20. dxc6 Qxc6 21. Ba4 Qc4 22.
Kg1 Bb7 23. Bxf4 exf4 24. Nd3 f3 25. Bb3 Qd4 26. Re1 fxg2 27. Re3 Ne6 28. Ne2
Qf6 0-1

[Event "RUS Rapid GP Serpukhov"]
[Site "Serpukhov RUS"]
[Date "2018.02.23"]
[Round "3.6"]
[White "Pridorozhni, Aleksei"]
[Black "Solozhenkin, Evgeniy"]
[Result "1/2-1/2"]
[WhiteTitle "GM"]
[BlackTitle "GM"]
[WhiteElo "2570"]
[BlackElo "2433"]
[WhiteFideId "4127870"]
[BlackFideId "4102266"]
[EventDate "2018.02.23"]

1. e4 c6 2. d4 d5 3. exd5 cxd5 4. Bd3 Nc6 5. c3 Nf6 6. Bf4 Bg4 7. Qb3 Qd7 8. Nd2
e6 9. Ngf3 Bxf3 10. Nxf3 Bd6 11. Be5 Qc7 12. Bg3 O-O 13. O-O Bxg3 14. hxg3 Rab8
15. a4 Rfc8 16. Qd1 a6 17. Qe2 Re8 18. Rfe1 g6 19. Qe3 Kg7 20. Qf4 Qxf4 21. gxf4
b5 22. axb5 axb5 23. b4 Rec8 24. Nd2 Ne7 25. Rec1 Nf5 26. Nb3 Nd6 27. Ra6 Rd8
28. Nc5 Ra8 29. Rca1 Rxa6 30. Rxa6 Nfe4 31. Nxe4 Nxe4 32. Rc6 Ra8 33. f3 Ra1+
34. Kh2 Nf2 35. Bxb5 h5 36. Kg3 Nh1+ 37. Kh4 Ra2 38. Kh3 Nf2+ 39. Kg3 Nd1 40.
Rc7 Ne3 41. Be8 Rxg2+ 42. Kh3 Rf2 43. Rxf7+ Kh6 44. Kg3 Rg2+ 45. Kh3 Rf2 46. Kg3
Rg2+ 47. Kh3 Ra2 48. Rf6 1/2-1/2

[Event "RUS Rapid GP Serpukhov"]
[Site "Serpukhov RUS"]
[Date "2018.02.23"]
[Round "3.7"]
[White "Fakhrutdinov, Timur"]
[Black "Popov, Ivan RUS"]
[Result "1-0"]
[WhiteTitle "FM"]
[BlackTitle "GM"]
[WhiteElo "2429"]
[BlackElo "2608"]
[WhiteFideId "24176702"]
[BlackFideId "4170350"]
[EventDate "2018.02.23"]

1. e4 c6 2. d4 d5 3. exd5 cxd5 4. c3 Nc6 5. Nf3 Nf6 6. Bd3 Bg4 7. O-O Qc7 8. Bg5
e6 9. Nbd2 Bd6 10. Qc2 Nd7 11. Bh4 Bh5 12. Rae1 Ne7 13. Bg3 Bxg3 14. fxg3 Bg6
15. Bxg6 hxg6 16. Ng5 Nf6 17. Ndf3 Rh5 18. Qd2 Nc6 19. Qf4 Qxf4 20. gxf4 Ke7 21.
h3 Nh7 22. g4 Rh6 23. Re3 Nxg5 24. Nxg5 Rf8 25. Kg2 Kd6 26. Rfe1 Nd8 27. b3 Re8
28. c4 f6 29. Nf3 dxc4 30. bxc4 Reh8 31. Nd2 b6 32. Ne4+ Kd7 33. Nf2 Re8 34. Ra3
Nc6 35. d5 exd5 36. Rxe8 Kxe8 37. cxd5 Na5 38. Rc3 Kd7 39. Nd3 Rh8 40. Nb4 Rc8
41. Rxc8 Kxc8 42. Kf3 Kd7 43. Ke4 Nb7 44. Nc6 a5 45. Kd4 Nd6 46. a4 Nb7 47. Kc4
Nd6+ 48. Kd4 Ne8 49. Na7 Nc7 50. Kc4 g5 51. f5 Ne8 52. Kb5 Kc7 53. Ka6 Kd7 54.
Nb5 Nd6 55. Nxd6 Kxd6 56. Kxb6 Kxd5 57. Kxa5 Kc5 58. Ka6 Kc6 59. a5 1-0

[Event "RUS Rapid GP Serpukhov"]
[Site "Serpukhov RUS"]
[Date "2018.02.23"]
[Round "3.8"]
[White "Bocharov, Dmitry"]
[Black "Girya, Olga"]
[Result "1-0"]
[WhiteTitle "GM"]
[BlackTitle "WGM"]
[WhiteElo "2594"]
[BlackElo "2482"]
[WhiteFideId "4138716"]
[BlackFideId "4195752"]
[EventDate "2018.02.23"]

1. c4 Nf6 2. Nf3 e6 3. Nc3 d5 4. e3 Bd6 5. b3 O-O 6. Bb2 c6 7. d4 Nbd7 8. Bd3 e5
9. cxd5 cxd5 10. dxe5 Nxe5 11. h3 Nxf3+ 12. Qxf3 Qa5 13. O-O Be5 14. Rfc1 Be6
15. Qe2 a6 16. Na4 Bxb2 17. Qxb2 Rac8 18. Nc3 Qb4 19. Ne2 Rfd8 20. Nd4 Qd6 21.
Rd1 Qe5 22. Rd2 Ne4 23. Bxe4 dxe4 24. Rad1 h5 25. Qa3 Rd5 26. Qb4 b5 27. Qa5 Qg5
28. Nxe6 fxe6 29. Qxa6 Rc2 30. Qxe6+ 1-0

[Event "RUS Rapid GP Serpukhov"]
[Site "Serpukhov RUS"]
[Date "2018.02.23"]
[Round "3.9"]
[White "Bordovsky, Vladimir"]
[Black "Morozevich, Alexander"]
[Result "1/2-1/2"]
[BlackTitle "GM"]
[WhiteElo "2326"]
[BlackElo "2665"]
[WhiteFideId "14118467"]
[BlackFideId "4116992"]
[EventDate "2018.02.23"]

1. Nf3 d5 2. d4 Bf5 3. e3 e6 4. c4 c6 5. Nc3 Nd7 6. Be2 h6 7. O-O Ngf6 8. b3 Bd6
9. Bb2 O-O 10. Rc1 a6 11. Na4 Ne4 12. Ne5 Bxe5 13. dxe5 b5 14. Nc3 Qa5 15. cxd5
cxd5 16. Qe1 Rfc8 17. Nxe4 Qxe1 18. Rfxe1 Bxe4 19. Bd4 Bc2 20. Bd1 Bxd1 21.
Rexd1 Kf8 22. f4 Ke7 23. Kf2 Kd8 24. e4 dxe4 25. Ke3 Rxc1 26. Rxc1 h5 27. Kxe4
g6 28. Bf2 a5 29. a3 a4 30. b4 f5+ 31. Kf3 g5 32. Rc6 Ke7 33. g3 h4 34. gxh4
gxf4 35. Kxf4 Rg8 36. h3 Rg2 37. Bc5+ Nxc5 38. bxc5 Rf2+ 39. Kg5 Rg2+ 40. Kf4
Rf2+ 41. Kg5 Rg2+ 42. Kf4 Ke8 1/2-1/2

[Event "RUS Rapid GP Serpukhov"]
[Site "Serpukhov RUS"]
[Date "2018.02.23"]
[Round "3.10"]
[White "Timofeev, Artyom"]
[Black "Volovikov, Anton"]
[Result "1-0"]
[WhiteTitle "GM"]
[BlackTitle "FM"]
[WhiteElo "2569"]
[BlackElo "2271"]
[WhiteFideId "4140419"]
[BlackFideId "14120283"]
[EventDate "2018.02.23"]

1. e4 c6 2. d4 d5 3. exd5 cxd5 4. c4 Nf6 5. Nc3 e6 6. Nf3 Bb4 7. Bd3 O-O 8. O-O
dxc4 9. Bxc4 a6 10. a3 Bxc3 11. bxc3 Qc7 12. Qe2 b5 13. Bd3 Bb7 14. Bd2 Nbd7 15.
a4 bxa4 16. Rxa4 Nb6 17. Raa1 a5 18. Rfc1 Nbd5 19. Ne5 Rfd8 20. h3 Rab8 21. Ra3
Ba8 22. Rca1 Rb2 23. Qe1 Qb7 24. Nf3 Rc8 25. Rxa5 Rb8 26. c4 Nc7 27. Bf4 Nfe8
28. Qd1 Rd8 29. Be5 Qb6 30. Bxh7+ Kxh7 31. Ng5+ Kg6 32. Qg4 f5 33. Qg3 Rb3 34.
f3 Rd7 35. Nxe6+ 1-0

[Event "RUS Rapid GP Serpukhov"]
[Site "Serpukhov RUS"]
[Date "2018.02.23"]
[Round "3.11"]
[White "Nozdrachev, Vladislav"]
[Black "Volkov, Sergey"]
[Result "0-1"]
[WhiteTitle "IM"]
[BlackTitle "GM"]
[WhiteElo "2485"]
[BlackElo "2612"]
[WhiteFideId "24113441"]
[BlackFideId "4122763"]
[EventDate "2018.02.23"]

1. d4 d5 2. c4 c6 3. Nc3 Nf6 4. Nf3 a6 5. cxd5 cxd5 6. Bf4 Nc6 7. e3 Bg4 8. Bd3
e6 9. Qb3 Bxf3 10. gxf3 Na5 11. Qa4+ Nd7 12. O-O Rc8 13. e4 b5 14. Nxb5 axb5 15.
Bxb5 Nc4 16. exd5 Nb6 17. dxe6 Nxa4 18. exd7+ Qxd7 19. Rfe1+ Kd8 20. Bxd7 Kxd7
21. b3 Nc3 22. a4 Nd5 23. Bg3 f6 24. a5 Bb4 25. Re2 Rc3 26. a6 Rxb3 27. a7 Ra8
28. Bb8 Bd6 29. Bxd6 Kxd6 30. Ra6+ Rb6 31. Rea2 Rxa6 32. Rxa6+ Kc7 33. Kg2 Nb6
34. Kg3 Nc8 35. Kg4 Rxa7 36. Rxa7+ Nxa7 37. Kf5 Kd6 38. Ke4 g6 39. f4 f5+ 40.
Kf3 Nc6 41. Kg3 Nxd4 0-1

[Event "RUS Rapid GP Serpukhov"]
[Site "Serpukhov RUS"]
[Date "2018.02.23"]
[Round "3.12"]
[White "Iljiushenok, Ilia"]
[Black "Geivondian, Arman"]
[Result "0-1"]
[WhiteTitle "IM"]
[BlackTitle "FM"]
[WhiteElo "2528"]
[BlackElo "2380"]
[WhiteFideId "24105074"]
[BlackFideId "24102032"]
[EventDate "2018.02.23"]

1. c4 e6 2. Nc3 d5 3. d4 c5 4. cxd5 cxd4 5. Qa4+ Bd7 6. Qxd4 exd5 7. Qxd5 Nc6 8.
Nf3 Nf6 9. Qb3 Be6 10. Qa4 Bc5 11. e3 a6 12. Be2 b5 13. Qh4 Be7 14. Nd4 Nxd4 15.
Qxd4 Qc7 16. O-O Rd8 17. Qf4 Bd6 18. Qh4 b4 19. Na4 h6 20. e4 Qc2 21. Bd1 Qxe4
22. Qxe4 Nxe4 23. Re1 Nf6 24. Bb3 O-O 25. Bxe6 fxe6 26. h3 e5 27. Be3 e4 28.
Rad1 Be5 29. Bc5 Rxd1 30. Rxd1 Rc8 31. b3 e3 32. fxe3 Ne4 33. Bd4 Bg3 34. Nc5
Nxc5 35. Rc1 Bd6 36. Rc4 a5 37. a3 bxa3 0-1

[Event "RUS Rapid GP Serpukhov"]
[Site "Serpukhov RUS"]
[Date "2018.02.23"]
[Round "3.14"]
[White "Sorokin, Oleg"]
[Black "Nozdrachev, Vladislav"]
[Result "1/2-1/2"]
[BlackTitle "IM"]
[WhiteElo "2099"]
[BlackElo "2485"]
[WhiteFideId "4198646"]
[BlackFideId "24113441"]
[EventDate "2018.02.23"]

1. g3 d5 2. Bg2 Nf6 3. c3 e6 4. Nf3 Be7 5. O-O O-O 6. d4 a5 7. a4 c5 8. dxc5 Na6
9. Na3 Nxc5 10. Nb5 Bd7 11. Nfd4 Qb6 12. Bf4 Rac8 13. Qc2 Nfe4 14. Be3 Qa6 15.
b4 axb4 16. cxb4 e5 17. bxc5 Bxc5 18. Qb2 exd4 19. Bxd4 Bxd4 20. Qxd4 Bxb5 21.
axb5 Qxb5 22. Bxe4 dxe4 23. Qxe4 Rfe8 24. Rab1 1/2-1/2

[Event "RUS Rapid GP Serpukhov"]
[Site "Serpukhov RUS"]
[Date "2018.02.23"]
[Round "3.15"]
[White "Kretov, Evgenij"]
[Black "Alekseev, Evgeny"]
[Result "0-1"]
[WhiteTitle "FM"]
[BlackTitle "GM"]
[WhiteElo "2218"]
[BlackElo "2616"]
[WhiteFideId "4167821"]
[BlackFideId "4138147"]
[EventDate "2018.02.23"]

1. d4 Nf6 2. c4 e6 3. Nc3 Bb4 4. Bg5 c5 5. d5 exd5 6. cxd5 d6 7. e3 O-O 8. Bd3
Nbd7 9. Ne2 Ne5 10. O-O h6 11. Bh4 Ng6 12. Bxg6 fxg6 13. Qd3 g5 14. Bg3 Nh5 15.
f3 Nxg3 16. Nxg3 a6 17. Rae1 Bd7 18. Kh1 Bb5 19. Nxb5 Bxe1 20. Rxe1 axb5 21.
Qxb5 Rxa2 22. Qxb7 Qb8 23. Qc6 Qxb2 24. Rg1 Qe5 25. Ne4 g4 26. Qxd6 Qxd6 27.
Nxd6 gxf3 28. g4 Rd8 29. Nf5 g6 30. Nh4 Rxd5 31. Nxf3 Rd3 32. Re1 Kg7 33. Kg1
Rc3 0-1

[Event "RUS Rapid GP Serpukhov"]
[Site "Serpukhov RUS"]
[Date "2018.02.23"]
[Round "3.16"]
[White "Kryakvin, Dmitry"]
[Black "Fadeev, Semen"]
[Result "1-0"]
[WhiteTitle "GM"]
[WhiteElo "2567"]
[BlackElo "2168"]
[WhiteFideId "4153278"]
[BlackFideId "4177738"]
[EventDate "2018.02.23"]

1. d4 e6 2. Nf3 f5 3. c4 Nf6 4. Nc3 Be7 5. g3 O-O 6. Bg2 d6 7. O-O Ne4 8. Qc2
Nxc3 9. bxc3 Nc6 10. e4 e5 11. dxe5 dxe5 12. Rd1 Qe8 13. Rd5 f4 14. Nxe5 fxg3
15. hxg3 Be6 16. Nd3 Bxd5 17. cxd5 Nd8 18. Bf4 Rc8 19. Bh3 Nf7 20. Be6 Kh8 21.
Re1 Nd6 22. e5 Nf5 23. Bxc8 Qxc8 24. e6 c6 25. Ne5 Nh4 26. Re3 Nf5 27. Re2 Nd6
28. c4 Nf5 29. Nf7+ 1-0

[Event "RUS Rapid GP Serpukhov"]
[Site "Serpukhov RUS"]
[Date "2018.02.23"]
[Round "3.17"]
[White "Kharchenko, Boris"]
[Black "Zhuravlev, Stepan"]
[Result "1-0"]
[WhiteTitle "GM"]
[WhiteElo "2464"]
[BlackElo "2135"]
[WhiteFideId "14113210"]
[BlackFideId "34120197"]
[EventDate "2018.02.23"]

1. e4 e5 2. Nf3 Nc6 3. Bb5 a6 4. Ba4 Nf6 5. O-O Be7 6. Re1 b5 7. Bb3 d6 8. c3
O-O 9. h3 Bb7 10. d4 Re8 11. Nbd2 Bf8 12. Bc2 g6 13. b3 Bg7 14. d5 Nb8 15. c4 c6
16. Bb2 Nbd7 17. Rc1 Rc8 18. Bb1 cxd5 19. cxd5 Rxc1 20. Qxc1 Qc8 21. Ba3 Bf8 22.
Bb4 Qxc1 23. Rxc1 Rc8 24. Rxc8 Bxc8 25. a4 bxa4 26. bxa4 a5 27. Bxa5 Nc5 28. Bd8
Kg7 29. Bc2 Ba6 30. Nh2 Nb7 31. Bc7 Be7 32. Nhf1 Nd7 33. Ne3 Ndc5 34. Ndc4 Kf8
35. f3 Ke8 36. Kf2 Kd7 37. Bb6 Bg5 38. g3 Bh6 39. h4 Ke7 40. Bc7 Kd7 41. Bb8 Bf8
42. Nb6+ Kd8 43. Nec4 Be7 44. Ke3 Bf8 45. Bd1 Be7 46. Kd2 f5 47. Bc2 fxe4 48.
fxe4 Bf8 49. Kc3 Be7 50. Kb4 Bxc4 51. Kxc4 Na6 52. Ba7 Kc7 53. Na8+ Kd7 54. Be3
Bd8 55. Kb5 Nac5 56. Nb6+ Kc7 57. Nc4 Be7 58. a5 Kb8 59. a6 1-0

[Event "RUS Rapid GP Serpukhov"]
[Site "Serpukhov RUS"]
[Date "2018.02.23"]
[Round "3.18"]
[White "Novikov, Aleksey"]
[Black "Sakun, Volodymyr"]
[Result "0-1"]
[BlackTitle "FM"]
[WhiteElo "1869"]
[BlackElo "2330"]
[WhiteFideId "34106500"]
[BlackFideId "14114062"]
[EventDate "2018.02.23"]

1. e4 c5 2. Nf3 e6 3. d4 cxd4 4. Nxd4 a6 5. Bd3 Qc7 6. O-O Nc6 7. Be3 Nf6 8. Nd2
Bd6 9. Nxc6 bxc6 10. f4 Be7 11. c4 d6 12. Bd4 e5 13. Bc3 Ng4 14. Qf3 exf4 15.
Qxf4 O-O 16. Nf3 f6 17. Nd4 Ne5 18. Be2 g6 19. Kh1 a5 20. Rad1 a4 21. Nf3 Be6
22. c5 Bxa2 23. cxd6 Bxd6 24. Nxe5 Bxe5 25. Bxe5 Qxe5 26. Qxe5 fxe5 27. Rxf8+
Kxf8 28. Kg1 Rb8 29. Rd2 Ke7 30. Kf2 Bb1 31. Bf3 Rb4 32. Ke3 Rb3+ 33. Ke2 c5 34.
Kd1 c4 35. Rd5 Rxb2 36. Kc1 a3 37. Rxe5+ Kf6 38. Ra5 Bd3 39. Rxa3 Rf2 40. Kd1
Ke5 41. Ke1 Rf1+ 42. Kd2 Kd4 43. e5 Rf2+ 44. Ke1 Ke3 45. Rxd3+ cxd3 46. e6 d2+
47. Kd1 Rf1+ 48. Kc2 Rc1+ 49. Kb2 Rc5 0-1

[Event "RUS Rapid GP Serpukhov"]
[Site "Serpukhov RUS"]
[Date "2018.02.23"]
[Round "3.19"]
[White "Zakirov, Vladislav"]
[Black "Frolyanov, Dmitry"]
[Result "0-1"]
[BlackTitle "GM"]
[WhiteElo "2080"]
[BlackElo "2567"]
[WhiteFideId "34145874"]
[BlackFideId "4151976"]
[EventDate "2018.02.23"]

1. e4 c5 2. Nf3 d6 3. d4 cxd4 4. Nxd4 Nf6 5. Nc3 a6 6. h3 e6 7. g4 Be7 8. Bg2
Nfd7 9. Be3 Nc6 10. Qd2 O-O 11. O-O Nxd4 12. Bxd4 Rb8 13. a4 b5 14. axb5 axb5
15. Rfd1 b4 16. Ne2 Bb7 17. Ba7 Rc8 18. Qxb4 Ba8 19. c3 Qc7 20. Nd4 Nc5 21. Nb3
Nxe4 22. Bb6 d5 23. Bxc7 Bxb4 24. Bf4 Bd6 25. Be3 Rb8 26. Nd4 Nf6 27. b4 Rfc8
28. Rdc1 Nd7 29. Bf1 Ne5 30. Ra6 Bc7 31. f4 Nd7 32. Nc6 Bxc6 33. Rxc6 Bb6 34.
Rxc8+ Rxc8 35. Bxb6 Nxb6 36. Kf2 Kf8 37. Ke3 Ke7 38. Kd4 Ra8 39. Kc5 Nd7+ 40.
Kc6 Kd8 41. b5 Rb8 42. c4 Rb6# 0-1

[Event "RUS Rapid GP Serpukhov"]
[Site "Serpukhov RUS"]
[Date "2018.02.23"]
[Round "3.20"]
[White "Kirillov, Dmitry"]
[Black "Kholin, Aleksandr"]
[Result "0-1"]
[WhiteTitle "CM"]
[BlackTitle "FM"]
[WhiteElo "2086"]
[BlackElo "2410"]
[WhiteFideId "34180572"]
[BlackFideId "14179385"]
[EventDate "2018.02.23"]

1. e4 e5 2. Nf3 Nc6 3. Bb5 a6 4. Ba4 Nf6 5. d3 b5 6. Bb3 Be7 7. O-O d6 8. c3 O-O
9. Nbd2 Bg4 10. h3 Bh5 11. Re1 Na5 12. Bc2 c5 13. Nf1 Nd7 14. Ng3 Bg6 15. d4
cxd4 16. cxd4 Rc8 17. b3 Nc6 18. Bb2 Nxd4 19. Nxd4 exd4 20. Bxd4 d5 21. Nf5 Bxf5
22. exf5 Bf6 23. Rc1 Qa5 24. Bxf6 Nxf6 25. Bb1 Qb4 26. Qd3 h6 27. Rcd1 Rfe8 28.
Rxe8+ Rxe8 29. Kf1 Qf4 30. g3 Qb4 31. Kg2 Kf8 32. Qd2 Qxd2 33. Rxd2 Re1 34. Bd3
Ke7 35. a4 bxa4 36. bxa4 Ra1 37. Bxa6 Rxa4 38. Bd3 Rd4 39. Re2+ Kd6 40. Bb1 Rb4
41. Ba2 Ne4 42. Rc2 Ra4 43. f3 Nf6 44. g4 Ra3 45. h4 g5 46. h5 Ke5 47. Re2+ Kd6
48. Rc2 Ke5 49. Re2+ Kd4 50. Kf2 Kc5 51. Rc2+ Kd6 52. Kg2 Nd7 53. Rd2 Nb6 54.
Kf2 Kc5 55. Rc2+ Nc4 56. Ke2 Kd4 57. Bxc4 dxc4 58. Rd2+ Ke5 59. Rd7 Kf4 60. Rxf7
Rxf3 61. Rc7 Kxg4 62. Rxc4+ Kg3 63. Rc6 Rxf5 64. Rxh6 g4 65. Rh8 Kg2 66. h6 Re5+
67. Kd3 g3 68. h7 Rh5 69. Ke2 Kh2 70. Rg8 Rxh7 71. Kf3 Rf7+ 72. Ke2 Kg2 73. Ke3
Rf6 74. Rg7 Kh2 75. Rh7+ Kg1 76. Rg7 g2 77. Ke2 Re6+ 78. Kd2 Re4 79. Kd3 Rh4 80.
Ke2 Rh6 81. Kf3 Rf6+ 82. Ke2 Rf4 83. Ke3 Rh4 84. Ke2 Rh3 85. Rg8 Kh1 86. Kf2 Rh2
87. Ke1 0-1

[Event "RUS Rapid GP Serpukhov"]
[Site "Serpukhov RUS"]
[Date "2018.02.23"]
[Round "3.21"]
[White "Arbuzov, Mikhail"]
[Black "Ermolaev, Evgeny"]
[Result "1-0"]
[BlackTitle "FM"]
[WhiteElo "2055"]
[BlackElo "2304"]
[WhiteFideId "34105244"]
[BlackFideId "24103195"]
[EventDate "2018.02.23"]

1. d4 Nf6 2. c4 c5 3. d5 g6 4. Nc3 Bg7 5. e4 d6 6. f3 O-O 7. Be3 e6 8. Qd2 exd5
9. cxd5 Na6 10. Bd3 Nc7 11. Nge2 Rb8 12. a4 Na6 13. O-O Nb4 14. Bc4 Re8 15. Nc1
Nd7 16. Nd3 Nxd3 17. Bxd3 Ne5 18. Be2 f5 19. h3 b6 20. Rab1 Nf7 21. Bd3 a6 22.
b4 c4 23. Bc2 b5 24. a5 Bd7 25. Bd4 Bxd4+ 26. Qxd4 f4 27. Ne2 g5 28. Kh2 Ne5 29.
g3 Qf6 30. g4 Kf7 31. Kg2 Rh8 32. Rh1 h5 33. Rbf1 Rh6 34. Qa7 Rbh8 35. Nd4 hxg4
36. hxg4 Rxh1 37. Rxh1 Rxh1 38. Kxh1 Qh6+ 39. Kg2 Qh4 40. Nf5 Qe1 41. Nxd6+ Kf6
42. Nf5 Bxf5 43. gxf5 Qg3+ 44. Kf1 Qxf3+ 45. Ke1 Qh1+ 46. Kd2 Qg2+ 47. Kc1 f3
48. Qb6+ Kg7 49. Qc7+ Nf7 50. f6+ Kh6 51. Qxf7 f2 52. Bd1 g4 53. Qg7+ Kh5 54.
Qh7+ Kg5 55. Qg7+ Kh4 56. f7 f1=Q 57. f8=Q Qxf8 58. Qxf8 Qxe4 59. Qh6+ Kg3 60.
Qd2 Qe5 61. Kb1 Qd6 62. Kb2 Kh3 63. Bc2 1-0

[Event "RUS Rapid GP Serpukhov"]
[Site "Serpukhov RUS"]
[Date "2018.02.23"]
[Round "3.22"]
[White "Konenkin, Dmitry"]
[Black "Moskvin, Anatoly"]
[Result "0-1"]
[WhiteTitle "FM"]
[WhiteElo "2263"]
[BlackElo "2088"]
[WhiteFideId "4185781"]
[BlackFideId "24199990"]
[EventDate "2018.02.23"]

1. d4 Nf6 2. Bg5 Ne4 3. Bh4 c5 4. f3 Nf6 5. dxc5 Qa5+ 6. Nc3 e6 7. a3 Nd5 8. b4
Nxb4 9. Qd2 Bxc5 10. Rb1 Be3 11. Qd6 Nd5 12. Rb3 Bf4 13. Bd8 Kxd8 0-1

[Event "RUS Rapid GP Serpukhov"]
[Site "Serpukhov RUS"]
[Date "2018.02.23"]
[Round "4.1"]
[White "Volkov, Sergey"]
[Black "Grachev, Boris"]
[Result "1/2-1/2"]
[WhiteTitle "GM"]
[BlackTitle "GM"]
[WhiteElo "2612"]
[BlackElo "2653"]
[WhiteFideId "4122763"]
[BlackFideId "4129199"]
[EventDate "2018.02.23"]

1. d4 d5 2. c4 e6 3. Nc3 Nf6 4. cxd5 exd5 5. Bg5 c6 6. e3 Bf5 7. Qf3 Bg6 8. Bxf6
Qxf6 9. Qxf6 gxf6 10. Nf3 Nd7 11. Nh4 Be7 12. g3 Nb6 13. O-O-O Nc8 14. Bd3 Nd6
15. Ne2 a5 16. a4 Bxd3 17. Rxd3 f5 18. Ng2 Kd7 19. Kb1 Ne4 20. Rf1 Rae8 21. Rdd1
Rhg8 22. Nef4 Bd6 23. Nd3 Bc7 24. Nh4 Nd6 25. Ne5+ Ke7 26. Rc1 f6 27. Nd3 Ra8
28. Rc2 Kf7 29. Nc5 Bd8 30. b3 Be7 31. Kb2 Rge8 32. h3 Rg8 33. Kc1 Ra7 34. Kd1
Rg5 35. Ke2 Ne4 36. Nxe4 fxe4 37. g4 Ra8 38. f3 exf3+ 39. Nxf3 Rgg8 40. Kd3 Ke6
41. Re2 Kd7 42. e4 dxe4+ 43. Rxe4 Rab8 44. Nd2 b5 45. Rf5 Rg5 46. Rxg5 fxg5 47.
Re5 bxa4 48. bxa4 Bd8 49. Ne4 Rb3+ 50. Kc4 Rb4+ 51. Kc3 Bb6 52. Nc5+ Bxc5 53.
Rxc5 Rxa4 54. Rxg5 Ra3+ 55. Kc4 Rxh3 1/2-1/2

[Event "RUS Rapid GP Serpukhov"]
[Site "Serpukhov RUS"]
[Date "2018.02.23"]
[Round "4.2"]
[White "Goganov, Aleksey"]
[Black "Kokarev, Dmitry"]
[Result "0-1"]
[WhiteTitle "GM"]
[BlackTitle "GM"]
[WhiteElo "2564"]
[BlackElo "2608"]
[WhiteFideId "24109959"]
[BlackFideId "4132181"]
[EventDate "2018.02.23"]

1. d4 Nf6 2. c4 g6 3. Nc3 Bg7 4. e4 d6 5. h3 O-O 6. Nf3 e5 7. d5 a5 8. g4 Nfd7
9. Bg5 Qe8 10. Nd2 Nc5 11. Be3 Nba6 12. a3 a4 13. Rg1 Bd7 14. Qf3 c6 15. O-O-O
cxd5 16. Nxd5 Bc6 17. Nf6+ Bxf6 18. Qxf6 Qe6 19. Qxe6 Nxe6 20. Bd3 Nac5 21. Bc2
Rac8 22. f3 b5 23. Nb1 Rfd8 24. cxb5 Bxe4 25. Nc3 Bxf3 26. Rdf1 Bb7 27. Kb1 d5
28. Nxa4 d4 29. Bh6 Nxa4 30. Bxa4 e4 31. Bb3 Bd5 32. Bxd5 Rxd5 33. Rf5 Rd6 34.
Re5 e3 35. Rd1 Rcd8 36. a4 f6 37. Re4 Kf7 38. Bxe3 dxe3 39. Rxd6 Rxd6 40. Rxe3
Nd4 41. Rc3 f5 42. Rc7+ Ke6 43. gxf5+ gxf5 44. Rxh7 f4 45. b6 f3 46. b7 f2 47.
Rh6+ Kf5 48. Rxd6 f1=Q+ 49. Ka2 Qc4+ 50. Kb1 Qc2+ 51. Ka2 Qxa4+ 52. Kb1 Qc2+ 53.
Ka2 Qb3+ 54. Kb1 Ne2 0-1

[Event "RUS Rapid GP Serpukhov"]
[Site "Serpukhov RUS"]
[Date "2018.02.23"]
[Round "4.3"]
[White "Rakhmanov, Aleksandr"]
[Black "Hasangatin, Ramil"]
[Result "1-0"]
[WhiteTitle "GM"]
[BlackTitle "GM"]
[WhiteElo "2655"]
[BlackElo "2502"]
[WhiteFideId "4173708"]
[BlackFideId "4122160"]
[EventDate "2018.02.23"]

1. c4 e5 2. Nf3 e4 3. Nd4 d5 4. cxd5 Qxd5 5. e3 Nf6 6. Nc3 Qe5 7. f4 exf3 8.
Nxf3 Qa5 9. Bc4 Bb4 10. O-O O-O 11. Qe1 Nbd7 12. Qh4 Bxc3 13. bxc3 Ne5 14. Nxe5
Qxe5 15. d4 Qe4 16. Qxe4 Nxe4 17. Ba3 Nd6 18. Bxd6 cxd6 19. Rxf7 Rxf7 20. Rf1
Bd7 21. Rxf7 Bb5 22. Be6 Re8 23. d5 b6 24. c4 1-0

[Event "RUS Rapid GP Serpukhov"]
[Site "Serpukhov RUS"]
[Date "2018.02.23"]
[Round "4.4"]
[White "Dvalishvili, Pavel S."]
[Black "Bocharov, Dmitry"]
[Result "0-1"]
[WhiteTitle "IM"]
[BlackTitle "GM"]
[WhiteElo "2413"]
[BlackElo "2594"]
[WhiteFideId "4121996"]
[BlackFideId "4138716"]
[EventDate "2018.02.23"]

1. e4 c5 2. Nc3 Nc6 3. Bb5 Nd4 4. Ba4 e6 5. Nge2 Qa5 6. a3 Nf6 7. e5 Nd5 8. Nxd5
exd5 9. Nc3 b5 10. b4 cxb4 11. axb4 Bxb4 12. Nxd5 bxa4 13. Nxb4 Qxb4 14. c3 Qb7
15. cxd4 Qxg2 16. Rf1 O-O 17. Qe2 d6 18. Ba3 Bh3 19. Bxd6 Rfc8 20. f4 Qd5 21.
Bc5 Bxf1 22. Qxf1 Rab8 23. Kf2 Rb2 24. Qc1 Rb3 25. Qh1 Rxc5 26. dxc5 Qxd2+ 27.
Kf1 Qxf4+ 28. Kg1 Qd4+ 0-1

[Event "RUS Rapid GP Serpukhov"]
[Site "Serpukhov RUS"]
[Date "2018.02.23"]
[Round "4.5"]
[White "Geivondian, Arman"]
[Black "Timofeev, Artyom"]
[Result "0-1"]
[WhiteTitle "FM"]
[BlackTitle "GM"]
[WhiteElo "2380"]
[BlackElo "2569"]
[WhiteFideId "24102032"]
[BlackFideId "4140419"]
[EventDate "2018.02.23"]

1. d4 d5 2. c4 e6 3. Nc3 c6 4. cxd5 exd5 5. Nf3 Bf5 6. Bf4 Bd6 7. Bxd6 Qxd6 8.
e3 Nd7 9. Bd3 Bxd3 10. Qxd3 Ngf6 11. O-O O-O 12. Qc2 a5 13. Rfc1 Rfe8 14. Rab1
g6 15. h3 Kg7 16. Nd2 Re7 17. Na4 h5 18. Nc5 Nxc5 19. Qxc5 Qe6 20. Rc3 Ree8 21.
a4 Nd7 22. Qa3 b6 23. Rbc1 Rac8 24. b4 axb4 25. Qxb4 c5 26. Qb5 Rb8 27. Nb3 c4
28. Nd2 Nf6 29. Ra3 g5 30. Qb1 h4 31. f3 Qd6 32. Qa1 Rbc8 33. Nf1 Ra8 34. Rb1
Ra5 35. Ra2 Rea8 36. Rbb2 Qc7 37. Qb1 Rxa4 38. Rxa4 Rxa4 39. Qf5 Nh7 40. Qxd5
Ra5 41. Qe4 b5 42. d5 Qc5 43. Qe5+ Kg6 44. Rc2 Nf6 45. f4 Qxd5 46. Qc7 Ra1 47.
Rf2 Kg7 48. fxg5 Qxg5 49. e4 Re1 50. Rf5 Qg6 51. Rxb5 Nxe4 52. Qxc4 Qf6 53. Ra5
Qb6+ 54. Kh2 Qxa5 55. Qd4+ Nf6 56. Qc4 0-1